000 00672nam a2200217 a 4500
999 _c2560
_d2560
001 2560
003 BD-JhCC
005 20171104183651.0
008 171104s1964 bg |||| ||a| 000 0 ben d
035 _a(BD-JhCC) 2560
040 _aBD-JhCC
_dBD-JhCC
041 _aben
082 _a891.4409
_bMIA 1964
100 _aমিয়া, বন্দে আলী
245 _aইসমাইল হোসেন শিরাজী /
_c বন্দে আলী মিয়া
260 _aঢাকা :
_bআহমদ পাবলিশিং হাউস ,
_c1964
300 _a55 p .:
_c17 cm .
650 _aBengali literature
942 _2ddc
_cBK